000 00702nam a2200205Ii 4500
003 JO-AjNU
008 230605s9999||||xx |||||||||||||| ||und||
040 _aJO-AjNU
_bara
_erda
_cJO-AjNU
041 _aara
050 1 4 _aHG4521.H3484 2019
100 3 _aالحاج، طارق ,
_eauthor
_958147
245 0 0 _aمبادئ التمويل = Principles of Finance
250 _aط1
264 3 1 _aعمان: دار صفاء للنشر والتوزيع، 2018
300 _a219ص
_bيحتوي على جدوال توضيحية
336 _atext
_btxt
_2rdacontent
337 _aunmediated
_bn
_2rdamedia
338 _avolume
_bnc
_2rdacarrier
650 4 _aالتمويل - مبادئ التمويل
_958148
999 _aA26097
_c29665
_d29665